| 000 | 00867nam a2200229 a 4500 | ||
|---|---|---|---|
| 001 | 78257 | ||
| 003 | BD-RjUL | ||
| 005 | 20211209083117.0 | ||
| 008 | 210829s2019 bg ||||| |||| 00| 0 ben d | ||
| 020 | _a9789485171199 | ||
| 035 | _a(BD-RjUL)78483 | ||
| 040 |
_aBD-RjUL _bben _cBD-RjUL |
||
| 041 | _aben | ||
| 082 |
_223 _a370.92 _bHOA 2019 |
||
| 100 |
_aহোসেন, হোসনেয়ারা _9247229 |
||
| 245 | 1 | 0 |
_aঅনিয়মিত রোজনামচা ও কিছু বিক্ষিপ্ত ভাবনা / _cহোসনেয়ারা হোসেন |
| 260 |
_aঢাকা : _bনন্দিতা প্রকাশ, _c২০১৯ |
||
| 300 |
_a১৯৯ পৃ.; _c২২ সেমি. |
||
| 650 |
_aশিক্ষাবিদ _xজীবনী _9247230 |
||
| 650 |
_aEducator _xbiography _9192361 |
||
| 942 |
_2ddc _cBK |
||
| 999 |
_c78257 _d78257 |
||